000 00886nas a2200289 4500
001 BR0000835
003 BR-BrBNA
005 20231205101743.0
007 ta
008 230509b bl.|||p| |||| 00| 00por d
040 _aBR-BrBNA
_bpor
_cBiblioteca Nacional de Agricultura
041 _a(Pt)
072 _aL53
100 1 _aDantas, M.S.
100 1 _aRodrigues, A.P.R.
100 1 _aFigueiredo, J.R.
100 1 _aVale Filho, V.R.
100 1 _aRibeiro Filho, A. de L.
100 1 _aCastro, A.C.S.
245 1 _aIsolamento mecanico de foliculos ovarianos pre-antrais em jumentas (Equus asinus)
650 _aJumento
650 _aOvario
650 _aFertilidade Animal
773 0 _tRevista Brasileira de Reproducao Animal (Brazil)
_xISSN 0102-0803
_g(Jul-Sep 1999), v. 23(3) p. 299-300
_wBR0000835
909 _a202311
_bLúcia
_c55
_dLúcia Elande
942 _2AGRIS
_n0
_cANA
999 _c163682
_d163682